[Event "Gibtelecom Amateur 1st"]
[Site "Gibraltar"]
[Date "2003.02.06"]
[Round "10"]
[White "Agdestein, Emil"]
[Black "Li, Mann-Kee"]
[Result "1/2-1/2"]
[WhiteElo "1637"]
[BlackElo "1982"]
[PlyCount "100"]
[EventDate "2003.01.28"]
[EventType "swiss"]
[EventRounds "10"]
[EventCountry "GGB"]
[SourceTitle "BritBase"]
[Source "www.saund.co.uk"]
[SourceDate "2018.02.10"]
[SourceVersion "1"]
[SourceVersionDate "2018.02.10"]
[SourceQuality "1"]

1. e4 c5 2. Nc3 Nc6 3. f4 g6 4. Nf3 Bg7 5. Bc4 e6 6. f5 Nge7 7. fxe6 fxe6 8.
O-O d5 9. Bb3 c4 10. Ba4 O-O 11. d3 Nd4 12. dxc4 dxc4 13. Bg5 h6 14. Bxe7 Nxf3+
15. Rxf3 Qxe7 16. Rxf8+ Qxf8 17. Bd7 Qf7 18. Bxc8 Rxc8 19. Qe2 Bd4+ 20. Kh1
Bxc3 21. bxc3 e5 22. Rf1 Qe6 23. Qe3 Rf8 24. Rxf8+ Kxf8 25. Qxh6+ Ke8 26. Qh8+
Kd7 27. Qh3 Qxh3 28. gxh3 Kc6 29. Kg2 Kb5 30. Kg3 Ka4 31. Kg4 Ka3 32. Kg5 Kxa2
33. Kxg6 Kb2 34. h4 a5 35. h5 a4 36. h6 a3 37. h7 a2 38. h8=Q a1=Q 39. Qxe5
Kxc2 40. h4 Qxc3 41. Qxc3+ Kxc3 42. e5 Kd4 43. e6 c3 44. e7 c2 45. e8=Q c1=Q
46. Qd7+ Ke5 47. Qg7+ Ke6 48. Qf7+ Kd6 49. Qxb7 Qc2+ 50. Kg7 Qc3+ 1/2-1/2

[Event "Gibtelecom Amateur 1st"]
[Site "Gibraltar"]
[Date "2003.02.06"]
[Round "10"]
[White "Breivik, Olav"]
[Black "White, Ian"]
[Result "0-1"]
[WhiteElo "1098"]
[BlackElo "2005"]
[PlyCount "50"]
[EventDate "2003.01.28"]
[EventType "swiss"]
[EventRounds "10"]
[EventCountry "GGB"]
[SourceTitle "BritBase"]
[Source "www.saund.co.uk"]
[SourceDate "2018.02.10"]
[SourceVersion "1"]
[SourceVersionDate "2018.02.10"]
[SourceQuality "1"]

1. e4 e6 2. d4 d5 3. exd5 exd5 4. Bd3 Nc6 5. Ne2 Bd6 6. Nbc3 Nge7 7. Nf4 Nxd4
8. Nfxd5 c6 9. Nxe7 Qxe7+ 10. Be3 Nf5 11. Ne4 Nxe3 12. Nxd6+ Qxd6 13. fxe3 Qb4+
14. Qd2 Qxb2 15. O-O Qe5 16. c4 O-O 17. Rac1 b6 18. Rf3 Be6 19. Qc2 g6 20. Re1
Rad8 21. Rf4 Rd6 22. Re4 Qa5 23. Rf1 Rfd8 24. Rd1 Rxd3 25. Rxd3 Qe1# 0-1

[Event "Gibtelecom Amateur 1st"]
[Site "Gibraltar"]
[Date "2003.02.06"]
[Round "10"]
[White "Danielsen, Dag"]
[Black "Gravett, Alan D"]
[Result "0-1"]
[WhiteElo "1735"]
[BlackElo "1562"]
[PlyCount "90"]
[EventDate "2003.01.28"]
[EventType "swiss"]
[EventRounds "10"]
[EventCountry "GGB"]
[SourceTitle "BritBase"]
[Source "www.saund.co.uk"]
[SourceDate "2018.02.10"]
[SourceVersion "1"]
[SourceVersionDate "2018.02.10"]
[SourceQuality "1"]

1. c4 Nf6 2. Nf3 c5 3. g3 g6 4. Bg2 Bg7 5. O-O O-O 6. Nc3 Nc6 7. e3 d6 8. d4 a6
9. Qc2 Rb8 10. a3 cxd4 11. Nxd4 Nxd4 12. exd4 Be6 13. d5 Bf5 14. Qe2 Qc7 15.
Bd2 Rbc8 16. b3 Bc2 17. Rfe1 Rfe8 18. Bh3 Bxb3 19. Bxc8 Bxc4 20. Qe3 Qxc8 21.
Rac1 Qh3 22. Qf3 Ng4 23. Qg2 Qxg2+ 24. Kxg2 Ne5 25. Rb1 Nd3 26. Red1 b5 27. f3
Rb8 28. Ne4 Ba2 29. Nc3 Bxb1 30. Rxb1 Rc8 31. Rb3 Nc5 32. Rb1 Na4 33. Nxa4 Rc2
34. Rd1 bxa4 35. Kh3 f5 36. Bg5 Kf7 37. Rd3 Rb2 38. Bc1 Rb3 39. Rd1 Rxf3 40.
Kg2 Rb3 41. Kf2 Bb2 42. Bg5 Bxa3 43. Re1 Bc5+ 44. Kg2 Rb7 45. Ra1 a3 0-1

[Event "Gibtelecom Amateur 1st"]
[Site "Gibraltar"]
[Date "2003.02.06"]
[Round "10"]
[White "Danielsen, Magnus"]
[Black "Eliassen, Erik"]
[Result "0-1"]
[WhiteElo "812"]
[BlackElo "1638"]
[PlyCount "114"]
[EventDate "2003.01.28"]
[EventType "swiss"]
[EventRounds "10"]
[EventCountry "GGB"]
[SourceTitle "BritBase"]
[Source "www.saund.co.uk"]
[SourceDate "2018.02.10"]
[SourceVersion "1"]
[SourceVersionDate "2018.02.10"]
[SourceQuality "1"]

1. c4 g6 2. g3 Bg7 3. Bg2 c5 4. Nc3 Nc6 5. d3 d6 6. Rb1 Bd7 7. e3 Nf6 8. Nge2
O-O 9. O-O Qc8 10. a3 Bh3 11. b4 Bxg2 12. Kxg2 cxb4 13. axb4 e6 14. d4 Ne7 15.
c5 dxc5 16. dxc5 Rd8 17. Qb3 Qc6+ 18. Kg1 Ned5 19. Nd4 Qd7 20. Bb2 Nxc3 21.
Bxc3 Ne4 22. Rfd1 Nxc3 23. Qxc3 a6 24. Qd2 Qc7 25. Qc2 Rd5 26. Nf3 Rad8 27.
Rxd5 Rxd5 28. Rd1 Qd8 29. Rxd5 Qxd5 30. Ne1 Qe5 31. Nd3 Qc3 32. Qxc3 Bxc3 33.
Kg2 Kf8 34. Kf3 Ke7 35. Ke2 Kd7 36. Kd1 Kc6 37. Kc2 Bg7 38. Kb3 Kb5 39. f4 f5
40. h3 h5 41. h4 Bf6 42. Nf2 Be7 43. Nd3 a5 44. bxa5 Bxc5 45. Ne5 Bxe3 46. Nxg6
Bc5 47. Nh8 Bf2 48. Ng6 Bxg3 49. Nf8 e5 50. fxe5 Bxe5 51. Ne6 f4 52. Ng5 Kxa5
53. Nf3 Bf6 54. Ng5 Kb5 55. Nf3 Kc5 56. Kc2 Kc4 57. Ng5 Kd4 0-1

[Event "Gibtelecom Amateur 1st"]
[Site "Gibraltar"]
[Date "2003.02.06"]
[Round "10"]
[White "Matto, Manuel"]
[Black "Haugsrud, Hakon"]
[Result "0-1"]
[WhiteElo "812"]
[BlackElo "1818"]
[PlyCount "80"]
[EventDate "2003.01.28"]
[EventType "swiss"]
[EventRounds "10"]
[EventCountry "GGB"]
[SourceTitle "BritBase"]
[Source "www.saund.co.uk"]
[SourceDate "2018.02.10"]
[SourceVersion "1"]
[SourceVersionDate "2018.02.10"]
[SourceQuality "1"]

1. Nf3 f5 2. d4 Nf6 3. g3 g6 4. Bg2 Bg7 5. O-O O-O 6. Nc3 d6 7. Bd2 c6 8. Re1
Qc7 9. Qc1 Re8 10. e3 e5 11. Re2 Nbd7 12. Kf1 b6 13. Nd1 Ba6 14. c4 b5 15. Kg1
bxc4 16. Re1 Rab8 17. Bc3 e4 18. Nd2 d5 19. Bf1 Bc8 20. b3 cxb3 21. Nxb3 Nf8
22. Nc5 Ne6 23. Nxe6 Rxe6 24. Qa3 g5 25. Bb4 f4 26. Rb1 Qf7 27. Nc3 Ng4 28.
exf4 gxf4 29. Bd6 fxg3 30. Bxg3 Rxb1 31. Nxb1 Bxd4 32. Re2 c5 33. Bh3 Rb6 34.
Nd2 Rb2 35. Kg2 e3 36. fxe3 Nxe3+ 37. Rxe3 Bxh3+ 38. Kxh3 Qf5+ 39. Kg2 Rxd2+
40. Kh1 Qf1# 0-1

[Event "Gibtelecom Amateur 1st"]
[Site "Gibraltar"]
[Date "2003.02.06"]
[Round "10"]
[White "Mifsud, Joseph"]
[Black "Welch, David"]
[Result "0-1"]
[WhiteElo "812"]
[BlackElo "1615"]
[PlyCount "68"]
[EventDate "2003.01.28"]
[EventType "swiss"]
[EventRounds "10"]
[EventCountry "GGB"]
[SourceTitle "BritBase"]
[Source "www.saund.co.uk"]
[SourceDate "2018.02.10"]
[SourceVersion "1"]
[SourceVersionDate "2018.02.10"]
[SourceQuality "1"]

1. e4 c5 2. Nc3 Nc6 3. Nf3 e5 4. Bb5 Nd4 5. Bc4 d6 6. O-O Bg4 7. Bb5+ Nxb5 8.
Nxb5 Nf6 9. d3 Be7 10. c4 h6 11. h3 Bd7 12. a4 g5 13. Nh2 Nh7 14. Nc3 Bf6 15.
Re1 Bg7 16. Nd5 O-O 17. b4 cxb4 18. Nxb4 f5 19. Nd5 Nf6 20. Nc3 f4 21. Ba3 Bc6
22. Nb5 Ne8 23. Rb1 b6 24. Nc3 Rf6 25. Nd5 Rg6 26. Ng4 h5 27. Nh2 g4 28. h4
Qxh4 29. g3 fxg3 30. fxg3 Qxg3+ 31. Kh1 Bxd5 32. cxd5 Qh3 33. Rb2 Bh6 34. Kg1
Be3+ 0-1

[Event "Gibtelecom Amateur 1st"]
[Site "Gibraltar"]
[Date "2003.02.06"]
[Round "10"]
[White "Young, Melvyn"]
[Black "Vea, Odin Blikra"]
[Result "1/2-1/2"]
[WhiteElo "1717"]
[BlackElo "1802"]
[PlyCount "79"]
[EventDate "2003.01.28"]
[EventType "swiss"]
[EventRounds "10"]
[EventCountry "GGB"]
[SourceTitle "BritBase"]
[Source "www.saund.co.uk"]
[SourceDate "2018.02.10"]
[SourceVersion "1"]
[SourceVersionDate "2018.02.10"]
[SourceQuality "1"]

1. e4 d5 2. exd5 Nf6 3. d4 Nxd5 4. Nf3 g6 5. c4 Nb6 6. Nc3 Bg7 7. Be3 O-O 8.
Rc1 Nc6 9. h3 e5 10. d5 Ne7 11. Be2 f5 12. O-O e4 13. Ne1 f4 14. Bxb6 axb6 15.
Nxe4 Rxa2 16. Nd3 Bf5 17. Qb3 Bxe4 18. Qxa2 f3 19. gxf3 Bxf3 20. Bxf3 Rxf3 21.
d6 cxd6 22. Rfd1 Nf5 23. c5+ Kh8 24. Kh2 bxc5 25. Qd5 Nd4 26. Rxc5 Qf8 27. Ra5
h6 28. Qxb7 Rf7 29. Qe4 Kh7 30. Ra8 Qe7 31. Qxe7 Rxe7 32. Rda1 Nc6 33. R1a6 Rc7
34. b4 Nd4 35. Rxd6 Rc3 36. Nf4 g5 37. Ra7 Nf3+ 38. Kg2 gxf4 39. Rdd7 Nh4+ 40.
Kh2 1/2-1/2